Представление документа в формате RUSMARC

ПолеНазваниеЗначение
  Тип записи a
  Библиографический уровень m
001 Контрольный номер 9bf09789ddb341cf9243953a9065f6ec
005 Дата корректировки 20150605152359.2
010 Индекс ISBN __
a ISBN 978-5-16-006509
101 Язык документа 0_
a Язык текста rus
102 Страна публикации __
a Страна публикации RU
200 Заглавие и сведения об ответственности 1_
a Заглавие Финансовые технологии в маркетинге
b Общее обозначение материала Текст
e Сведения, относящиеся к заглавию учебн. пос.
f Первые сведения об ответственности Т. И. Урасьева
210 Выходные данные 1_
a Место издания М.
c Издательство ИНФРА
d Дата издания 2013
215 Физическое описание __
a Объем 200 с.
610 Ключевые слова 0_
a Ключевые слова технологии в маркетинге
686 Индексы других классификаций __
a Классификационный индекс 65.050.9(2)2
700 Автор _1
a Фамилия Урасьева
b Имя Т. И.
801 Источник записи _0
a Страна RU
b Организация РУК
c Дата составления 05.06.2015
g Правила каталогизации PSBO
801 Источник записи _1
a Страна RU
b Организация РУК
c Дата составления 05.06.2015
g Правила каталогизации PSBO
852 Данные о местонахождении __
i Авторский знак У 68
j Шифр хранения ББК 665.050.9(2)2
901 Тип документа __
t Тип документа m
937 Технологическая информация __
a Создатель записи (имя) Морозова
938 Служебная информация __
a Название организации Арзамасский филиал
952 Тип литературы __
c Вид литературы учебное пособие